000 00576cam a22002053a 4500
001 33999
003 PGUSA
005 20140828083732.0
008 101007s2010||||xxu|||||s|||||000 | eng d
040 _aPGUSA
_beng
042 _adc
100 1 _aCaine, Hall,
_cSir,
_d1853-1931
245 1 4 _aThe Bondman :
_bA New Saga
_h[electronic resource] /
_cHall, Caine
260 _bProject Gutenberg,
_c2010
506 _aPublic domain in the USA.
516 _aElectronic text
830 0 _aProject Gutenberg
_v33999
856 4 0 _uhttp://www.gutenberg.org/ebooks/33999
942 _cEB
999 _c263254
_d263254